| 000 | 00747nam a2200205 i 4500 | ||
|---|---|---|---|
| 001 | 37463 | ||
| 003 | ES-MaACL | ||
| 005 | 20230906155559.0 | ||
| 007 | t| | ||
| 008 | 030221q1916 sp ||||1| spa d | ||
| 100 | 1 |
_aBuen y Lozano, Rafael de. _932359 |
|
| 245 | 1 | 0 |
_aEstudios de fondos marinos / _cRafael de Buen ; trabajos realizados bajo la dirección de J. Thoulet. |
| 260 |
_aSan Sebastián : _b[ s.n., _c1916?] |
||
| 300 |
_a52 p. : _bil. ; _c24 cm. |
||
| 500 | _aEs Separata del: Boletín de la Sociedad de Oceanografía de Guipúzcoa, 1916, supl. n. 4, julio- octubre. | ||
| 650 | 4 |
_aFondo marino. _9136134 |
|
| 700 | 1 |
_aThoulet, J. _9110163 |
|
| 710 | 2 |
_aSociedad de Oceanografía de Gipuzkoa. _9151725 |
|
| 852 |
_aES-MaACL _j1507-F-13 |
||
| 999 |
_c37463 _d37463 |
||